[Event "Sarajevo Bosnia 28th"]
[Site "Sarajevo"]
[Date "1998.06.01"]
[Round "4"]
[White "Kurajica, Bojan"]
[Black "Bareev, Evgeny"]
[Result "1/2-1/2"]
[WhiteElo "2580"]
[BlackElo "2675"]
[Annotator "Mikhalevski,V"]
[PlyCount "123"]
[EventDate "1998.05.29"]
[EventType "tourn"]
[EventRounds "9"]
[EventCountry "BIH"]
[EventCategory "15"]
[SourceTitle "CBM 066"]
[Source "ChessBase"]
[SourceDate "1998.09.30"]
[SourceVersion "1"]
[SourceVersionDate "1998.09.30"]
[SourceQuality "1"]

1. Nf3 {Hecht} Nf6 2. c4 e6 3. g3 d5 4. Bg2 dxc4 5. Qa4+ c6 6. Qxc4 b5 7. Qc2
Bb7 8. O-O Nbd7 9. a4 a6 10. d4 c5 11. Bg5 (11. axb5 Be4 (11... axb5 12. Rxa8
Qxa8 13. dxc5 Bxc5 14. Na3 b4 15. Nc4 O-O $11 {1/2-1/2 Del Barrio,J-Alvarez,R/
Mesa op 1992 (53)}) 12. Qb3 (12. Qd1 axb5 13. Rxa8 Bxa8 (13... Qxa8 14. Nc3 Bc6
15. dxc5 Bxc5 {see Novikov-Teske,Graz 1995}) 14. Bg5 Be7 15. Na3 b4 16. Nc4 O-O
17. dxc5 Bxc5 $11 {0-1 Dobosz,H-Seifert,H/POL-chT 1991 (33)}) 12... Bd5 13. Qd1
axb5 14. Rxa8 Qxa8 15. dxc5 Bxc5 16. Nc3 Bc6 17. Ne1 {1/2-1/2 Novikov,I-Teske,
H/Graz op 1995}) 11... Rc8 (11... Qb6 12. axb5 axb5 13. Rxa8+ Bxa8 14. Nbd2 Be7
15. Bxf6 Bxf6 16. dxc5 Nxc5 17. Rc1 Na4 18. Qc8+ Qd8 19. b3 {[%csl Rb5]} Bxf3
20. Nxf3 Nb6 21. Qc5 Nd7 22. Qxb5 $16 {1-0 Skembris,S-Prentos,K/Katerini GP
1993 (43)}) (11... cxd4 12. Nxd4 Rc8 13. Qd1 Bxg2 14. Kxg2 b4 15. Nd2 Be7 16.
N2b3 Nc5 17. Nxc5 Rxc5 18. Nf3 $11 {1/2-1/2 Skalkotas,N-Kirov,N/Aegina op 1993
(40)}) 12. axb5 axb5 13. Bxf6 (13. Qb3 Qb6 14. Nc3 Nd5 15. dxc5 Bxc5 16. Ne4
Bb4 {1/2-1/2 Meins,G-Thesing,M/BL9697 1996}) 13... gxf6 (13... Nxf6) 14. Qd2
$146 (14. Qb3 $5 Qb6 15. Na3 Bc6 16. dxc5 Bxc5 17. Nd2 Bxg2 18. Kxg2 Rb8 {
[%csl Gc4]} 19. Ne4 Be7 20. Kg1 $14 {1/2-1/2 Shipov,S-Maksimenko,A/Norresundby
op 1993 (61)}) 14... Bxf3 (14... Qb6 $5 15. dxc5 Nxc5 16. Rd1 {[%csl Rd7][%cal
Gb2b4]} b4 17. Ra4 $1 Qc7 $1 18. Rc1 (18. Rxb4 Ne4) 18... Rd8 $1 $13) 15. Bxf3
$6 (15. exf3 $142 $1 {[%cal Gd4d5]} cxd4 (15... Nb6 $6 16. Qa5 $1 b4 17. Qb5+
Nd7 18. Rd1 $5 $16 (18. dxc5 {[%cal Gf1d1]})) 16. Qxd4 {[%csl Rb5,Re8]}) 15...
cxd4 16. Qxd4 Ne5 17. Qe4 {[%cal Gb1c3]} (17. Qxd8+ $142 Rxd8 18. Bg2 b4 $5 {
[%csl Rb1]} 19. f4 $6 (19. Rc1 $14 {[%cal Gf2f4]}) 19... Bc5+ 20. Kh1 Ng4)
17... b4 $1 {[%csl Rb1]} (17... Nxf3+ $143 18. Qxf3 b4 19. Qb3 $1 {[%cal Gf1d1,
Gb3a4]} (19. e3 Be7 20. Rd1 (20. Ra7 $5 Qb6 21. Rb7 Qa6 22. Rd1) 20... Qc7 21.
Nd2 $14 {/=})) 18. e3 Be7 (18... Qc7 19. Be2 $1) 19. Rd1 (19. Ra7 $5 {[%cal
Gf1d1]}) 19... Qc7 {[%cal Gf6f5,Ge7g5]} (19... Nxf3+ 20. Qxf3 Qc7 21. Nd2 $14)
20. Bg2 (20. Nd2 O-O $5 (20... f5 21. Qd4 {[%cal Ga1a7]} Rd8 22. Qf4 $142 (22.
Bc6+ Kf8 (22... Qxc6 23. Qxe5 O-O $11) 23. Ra7 $1 Qd6 $1) (22. Ra7 $4 Rxd4 23.
Rxc7 Nxf3+) 22... Nxf3+ 23. Qxf3 (23. Nxf3 Rxd1+ 24. Rxd1 Qxf4 25. exf4 Bf6 26.
Ne5 Bxe5 27. fxe5 Ke7 $14) 23... Qc2 $13)) (20. Be2 $142 {[%csl Gc4,Gd3]})
20... O-O 21. Nd2 f5 $15 {[%csl Rd3]} 22. Qb1 {[%cal Gd2f3]} Qc2 $1 {[%csl Rb2,
Rf2]} 23. b3 (23. Nf3 Nxf3+ (23... Ng4 24. Rd2) 24. Bxf3 Bf6 {[%csl Rb2]})
23... Rfd8 24. Qxc2 Rxc2 25. Nf3 Rxd1+ (25... Ng4 $4 26. Rxd8+ Bxd8 27. Ra8
Rc1+ 28. Bf1 Rd1 29. Nd4 $18) 26. Rxd1 Ng4 {[%csl Rf2]} (26... Nxf3+ $143 $11)
27. Rd2 Rc1+ $1 (27... Rc3 $143 28. Rd7 Kf8 (28... Bf6 $143 29. h3 Ne5 30. Nxe5
Bxe5 31. Bf3 Rxb3 32. Bh5 $132 {[%csl Re6,Rf5,Rf7]}) 29. Nd2) 28. Bf1 Rb1 29.
Nd4 (29. Rd3 $6 Rb2 30. Nd2 $140 $4 Ne5 31. Rd4 Rxd2) 29... Bc5 {[%csl Rb3]}
30. Kg2 $1 {[%cal Gf1c4]} Bxd4 31. exd4 $1 Rxb3 32. d5 $1 exd5 33. Rxd5 Rb2 {
[%cal Gg4e3]} 34. Kg1 $8 Nxf2 (34... Rxf2 $2 35. Rd8+ (35. h3 $4 Rxf1+ 36. Kxf1
Ne3+ $19) 35... Kg7 36. h3) 35. Rxf5 Ne4 (35... Nd1 $5 36. Bc4 Ne3 37. Bxf7+
Kg7 38. Rf3 (38. Rf4 $2 b3 $19 {[%cal Gb2g2]}) 38... Rb1+ $1 39. Kf2 Ng4+ $1 (
39... Rf1+ 40. Kxe3 Rxf3+ 41. Kxf3 Kxf7 $11) 40. Kg2 (40. Ke2 $5) 40... Rb2+
41. Kg1 (41. Kh3 $2 Ne5 42. Rb3 $8 Rxb3 43. Bxb3 Nf3 $1 $17) 41... Nxh2 42. Rf4
(42. Rb3 $2 Rxb3 (42... Rd2 43. Bh5 $1 Kh6 44. Rxb4 Kxh5 45. Rh4+ $11) 43. Bxb3
Nf3+ 44. Kf2 Nd4 $142 $1 (44... Nd2 $2 45. Bc2 $1 b3 46. Ke2 $1 Nf3 (46... bxc2
47. Kxd2 Kf6 48. Kxc2 Kf5 49. Kd2 Kg4 50. Ke2 Kxg3 51. Kf1 $11) 47. Bb1 $11)
45. Bc4 b3 46. Ke3 b2 47. Bd3 Nb5 $1 48. Kd2 Na3 $19) 42... Ng4 $8 (42... Rd2
43. Bb3 $11) 43. Rxg4+ Kxf7 $17) 36. Bd3 Nd2 (36... Nc3 $143 37. Bc4 {[%csl
Rf7]} b3 $140 38. Rxf7 $1) 37. Kg2 (37. Kf2 $1 {[%cal Gf2e3]} Nb3+ (37... b3
38. Ke3 {[%cal Gf5f2]} Nb1 39. Bc4 Rc2 40. Bd3 Rb2 $11) 38. Ke3 Rxh2 39. Bc4
Rc2 40. Bxf7+ Kg7 41. Bxb3 Rc3+ 42. Kf4 Rxb3 43. Rg5+ $1 Kf6 44. Rf5+ Kg7 45.
Rg5+ Kh8 46. Rb5 $11) 37... b3 (37... h6 $5) 38. Kh3 h6 (38... Ra2 39. Rg5+ Kf8
40. Rb5 (40. Bxh7 Nf3 41. Rb5 Rxh2+ 42. Kg4 Nd4 43. Rb8+ Kg7 44. Be4 b2 $17)
40... h6) 39. Kg4 Kg7 (39... Ra2 40. Rb5 b2 41. Kf4 Ra3 42. Bc2 Rf3+ (42... Rb3
43. Rxb3 Nxb3 44. Ke3 $11 {[%cal Ge3d3,Gd3c3]}) 43. Kg4 Rb3 44. Bxb3 b1=Q 45.
Bxf7+ Kxf7 46. Rxb1 Nxb1 47. Kh5 Kg7 48. g4 $11) 40. Kf4 Nb1 {[%cal Gb1c3]} (
40... Ra2 41. Ke3 b2 42. Rb5 b1=Q 43. Bxb1 Nxb1 44. Rxb1 Rxh2 $11) 41. Rc5 $1 {
[%csl Rb1]} Na3 42. Rc3 $1 Nc2 (42... Kf6 43. Rc6+ Ke7 (43... Kg7 44. Rc3) 44.
Rxh6 Rd2 45. Be4 (45. Ra6 Rxd3 46. Ra7+ $8 (46. Rxa3 b2 47. Ra7+ (47. Rxd3 b1=Q
$19) 47... Rd7 $19) 46... Ke6 47. Ra6+ $8 $17) 45... b2 46. Rb6 Rxh2 47. Rb7+
Kf6 48. Rb6+ Kg7 49. Rb4 $15) 43. Bxc2 bxc2 {[#] Hecht: Der c-Bauer ist von
der schlechten S e i t e her gedeckt. Taktisches Motive: Schachgefahr und
Fesselung, um den weißen Turm von der c-Linie wegzulenken.} (43... Rxc2 44.
Rxb3 Rxh2 $11) 44. Kf5 $11 Kf8 45. Kf6 (45. Ke4 {is dangerous in view of} Ke7
46. Kd3 Ke6 (46... c1=Q $2 47. Rxc1 Rxh2 48. Ke3 $11) 47. Rxc2 Rxc2 48. Kxc2
Kf5 49. h3 (49. Kd3 Kg4 50. Ke3 Kh3 51. Kf2 Kxh2 52. g4 Kh3 53. Kf3 f6 54. Kf4
Kg2 $19) 49... Ke4 50. g4 Kf4 51. Kd3 Kg3 52. Ke4 Kxh3 53. Kf4 (53. Kf3 f6 54.
Kf4 Kg2 55. Ke4 Kg3 56. Kf5 Kf3 $19) 53... Kg2 $1 (53... f6 $4 54. Kf3 $11) 54.
Ke4 Kg3 55. Kf5 Kf3 56. g5 h5 57. Kf6 Kg4 $19) 45... Ke8 46. g4 Kd7 {[%cal
Gb2b6,Gb6c6]} 47. Ke5 $6 (47. Kxf7 $142 Kd6 48. Kg6 Kd5 49. Kg7 $1 (49. Kh5 $4
Kd4 {[%cal Gb2b5]} (49... Kd4 50. Rc8 Rb5+ 51. Kxh6 Rc5 $19)) (49. Kxh6 {Hecht}
Rb6+ 50. Kg7 Rc6 51. Rxc2 Rxc2 52. g5 Ke6 53. g6 Rxh2 54. Kf8 Rf2+ 55. Kg8 Ke7
56. g7 Rg2 57. Kh7 Kf7 58. Kh8 Rh2#) 49... Kd4 (49... Rb7+ 50. Kg8 Rb2 51. Kg7)
50. Rc8 Kd3 51. Kxh6 Rb4 52. Rxc2 Kxc2 53. g5 Rh4+ 54. Kg7 Kd3 55. g6 Ke4 56.
Kf6 $11) 47... Ra2 48. h3 Rb2 49. h4 f6+ 50. Kd5 (50. Kxf6 $4 Rb6+ {[%cal
Gb6c6]}) 50... Ra2 51. Ke4 (51. Rc4 {Hecht} Ra5+ 52. Ke4 Ra4 $19) (51. Rc5 {
Hecht} Ra5 $19) 51... Kd6 {[%cal Ga2a4]} 52. Rc8 $8 Rb2 $22 53. Kf4 (53. Rc3 $4
Rb4+ 54. Kd3 Rb3 $1 55. Kxc2 Rxc3+ 56. Kxc3 Ke5 $19) (53. h5 $143 $5 Ra2 54.
Kf4 Kd5 55. Kf5 Kd4 (55... Rb2 $5 {see below}) 56. Kxf6 Kd3 57. Rd8+ Ke4 58.
Rc8 Kd3 59. Rd8+ Ke3 60. Rc8 Kd2 61. Rd8+ Kc1 62. g5 Kb1 63. Rc8 Ra6+ 64. Kf5
Ra5+ 65. Kg6 hxg5 66. Rb8+ Ka2 67. Rc8 Kb2 68. Rb8+ Kc3 69. Rc8+ Kd3 70. h6 Ra8
71. Rxc2 $1 Kxc2 72. Kxg5 Kd3 73. h7 Ke4 74. Kg6 $11) 53... Kd5 {[%cal Gb2b4]}
54. Kf5 Ra2 (54... Kd4 55. Kxf6 Kd3 56. Rd8+ Ke3 57. Rc8 Kd2 58. Rd8+ Kc1 59.
g5 Kb1 60. Rc8 Rb6+ 61. Kf7 h5 62. g6 Rb7+ 63. Kf8 c1=Q 64. Rxc1+ Kxc1 65. g7
Kd2 66. g8=Q Rb8+ 67. Kf7 Rxg8 68. Kxg8 Ke3 69. Kf7 Kf4 70. Ke6 Kg4 71. Ke5
Kxh4 72. Kf4 $11) 55. Kg6 (55. Rc7 {Hecht} Kd6 56. Rc3 Ra5+ 57. Kxf6 Rc5 58.
Rxc2 Rxc2 59. g5 hxg5 60. hxg5 Rf2+ $19) (55. Rc3 {Hecht} Kd4 {[%cal Ra2a5,
Ra5c5]} 56. Rxc2 Rxc2 57. Kxf6 Rf2+ 58. Kg6 Ke5 59. Kxh6 Kf6 60. g5+ Kf7 61.
Kh7 Rh2 62. g6+ Kf6 63. g7 Rxh4+ 64. Kg8 Kg6 65. Kf8 Rf4+ 66. Kg8 Ra4 67. Kh8
Rh4+ 68. Kg8 Rh7 $19) 55... Rb2 (55... f5 {Hecht} 56. gxf5 Ra6+ 57. f6 Rc6 58.
Rxc6 Kxc6 59. f7 $11) 56. Rc7 {White decides to wait that is good enough for a
draw.} ({But White could make it by force} 56. Kxh6 $3 f5 $1 57. gxf5 (57. g5 {
Hecht} Rb6+ 58. g6 Rc6 59. Rxc6 Kxc6 60. g7 c1=Q+ $19) 57... Rb6+ 58. Kg7 Rc6
59. Rxc6 Kxc6 60. f6 c1=Q 61. f7 {and suddenly Black can't win as h4 pawn
prevent from check on g5 and Black's queen can't get f6 square with tempo.It
means that Black can't make any progress.}) 56... Ra2 57. Rc8 Kd6 (57... Kd4
58. Kxf6 $11 {[%cal Gg4g5] see 54...Kd4}) 58. Kxh6 (58. Rc3 $5) 58... f5 59.
Kg5 (59. gxf5 Kd7 60. Rc3 Ra6+ 61. Kg7 Rc6 62. Rxc6 $1 (62. Rxc2 {Hecht} Rxc2
63. f6 Ke6 64. f7 Rg2+ $19) 62... Kxc6 63. f6 c1=Q 64. f7 $11 {see comment to
56.Rc7}) 59... fxg4 60. Kxg4 Kd5 {[%cal Ga2a4]} 61. Kf5 Kd4 {[%cal Ga2a5]} 62.
Kg6 {Very interesting rook ending!} (62. Kg6 Ra6+ 63. Kg7 $11) 1/2-1/2

[Event "FIDE World Cup"]
[Site "Baku"]
[Date "2015.09.12"]
[Round "1.2"]
[White "Laznicka, Viktor"]
[Black "Akobian, Varuzhan"]
[Result "1-0"]
[WhiteElo "2676"]
[BlackElo "2635"]
[Annotator "Mokal,P"]
[PlyCount "65"]
[EventDate "2015.09.11"]
[EventType "k.o."]
[EventRounds "7"]
[EventCountry "AZE"]
[SourceTitle "CBM 169"]
[Source "ChessBase"]
[SourceDate "2015.11.10"]
[SourceVersion "1"]
[SourceVersionDate "2015.11.10"]
[SourceQuality "1"]

1. c4 e6 2. Nf3 Nf6 3. g3 a6 {The Romanishin variation is a popular way of
avoiding the conventional lines. Black wants to take the play into relatively
non-standard positions by disrupting White's simple and non-committal plan of
Bg2, 0-0.} 4. Bg2 b5 5. b3 ({Black has a couple of gambits ready in case White
chooses to play} 5. Nd4 {One of them is} d5 ({While the other one goes} 5... c6
6. cxb5 axb5 7. Nxb5 cxb5 8. Bxa8 d5 $44) 6. cxb5 e5 7. Nc6 Nxc6 8. bxc6 Bc5
$36) 5... Bb7 ({If Black wants to avoid taking a decision with the b5-pawn he
usually starts with} 5... c5 {so that after} 6. Nc3 {he has options of} Qb6 ({
or} 6... Qa5)) 6. Nc3 bxc4 $6 {[%cal Ga1b1,Gb1b7] In general, opening the file
which can be quickly occupied by White looks like a doubtful decision.} ({
It is important to note that whenever Romanishin was confronted with this
position he always chose to play} 6... b4) 7. bxc4 c5 8. Rb1 Bc6 9. O-O Be7 10.
d4 {This looks good although it has rarely been played before. White's main
alternatives are 10.Re1 and 10.Qc2.} cxd4 (10... Ne4 $6 11. Bb2 Nxc3 12. Bxc3
cxd4 13. Bxd4 ({White could have chosen} 13. Qxd4 $5 {when after} Bf6 (13... f6
14. Qd3 $16 {[%csl Re8,Rf6]}) 14. Qe3 Bxc3 15. Qxc3 O-O 16. c5 $14 {his pieces
are clearly better placed.} (16. Qd4 $14)) 13... O-O 14. Bb6 Qc8 15. c5 a5 16.
Qd2 Na6 17. Rfc1 f6 18. a3 a4 19. Rc4 Bd5 20. Rxa4 Nxc5 21. Rxa8 Qxa8 22. Qe3
Rb8 23. Rb5 Ne4 24. Ne1 Qc6 25. a4 Nc3 {0-1 Jozwicki,J (2195)-Koziak,V (2478)/
Barlinek 2010/CBM 137 Extra}) 11. Qxd4 O-O 12. Rd1 Qa5 ({If Black wanted to
develop quickly he would have to part with his B with} 12... Bxf3 13. Bxf3 Nc6
{but this is hardly inspiring. White has more than one way of keeping a
significant edge.} 14. Bxc6 (14. Qf4 $16 {[%csl Gc1,Gf3][%cal Gb1b8,Gd1d8]})
14... dxc6 15. Qxd8 Rfxd8 16. Rxd8+ Bxd8 (16... Rxd8 17. Rb6 $16) 17. Rb7 $16)
13. Bd2 $1 {This is much stronger.} ({A previous game went} 13. Bf4 Bc5 14. Bc7
Bxd4 15. Bxa5 Bxc3 16. Bxc3 Rc8 17. Ne5 (17. Be5 $5) 17... Bxg2 18. Kxg2 $14 {
[%csl Ra8,Rb8] Nowka,O-Sarosi,Z (2315)/Dortmund 1988/TD (29), with an edge for
White.}) 13... Qc5 14. Be3 Qxd4 15. Nxd4 Bxg2 16. Kxg2 {White enjoys a
classical advantage in development and piece placement. Black cannot play ...
Nc6 without allowing significant concessions. It seems really tough for him to
get out of this, unless White dozes off.} a5 (16... Rc8 17. Na4 $16 {[%csl Ra8,
Rc4,Rc8][%cal Ga4b6]}) (16... Nc6 17. Nxc6 dxc6 18. Rb7 Rfe8 19. Na4 Ne4 (19...
Rab8 20. Rdb1 Rxb7 21. Rxb7 $16) 20. Rdd7 Kf8 21. Nb6 Rab8 $2 22. Rxe7 $1 $18)
17. Na4 $1 (17. Rb7 {is tempting but less convincing.} Na6 18. Na4 (18. Ndb5
Rab8 $14) 18... Rab8 $14) 17... Na6 (17... Nc6 $2 18. Nb6 Nxd4 19. Bxd4 $18 {
[%csl Rd7][%cal Gd4f6]}) 18. Nb6 Rad8 $6 {This loses a pawn.} ({It was better
to go for} 18... Ra7 {although White has a variety of ways to continue his
initiative, for example} 19. Nb3 (19. Nb5 $5 Rb7 20. Nd6 Bxd6 21. Rxd6 Nb4 (
21... Rfb8 22. Nxd7 Rxb1 23. Nxb8 Rxb8 24. Rxa6 $18) 22. c5 $16) (19. Nf3 $5 {
[%cal Gb6c8]} Bc5 (19... Rb7 $4 20. Nc8 $18) (19... Rc7 20. Rb5 $16 {[%csl Ra5]
}) 20. Bxc5 Nxc5 21. Ne5 $16) 19... Bb4 (19... Nb4 20. Nc8 $16) (19... a4 20.
Nxa4 $16) 20. c5 $16) 19. Rb5 $16 {[%csl Ra5]} Nc5 ({There was no way to save
the pawn -} 19... Bb4 20. a3 $1 Bc3 (20... Bxa3 21. Rxa5 $18) 21. Nc2 (21. Rd3
Bxd4 (21... Ne4 22. f3 $18) 22. Bxd4 $18) 21... d5 22. Rd3 $18) 20. Rxa5 $18
Rb8 21. Nb3 {Simplest.} ({Although} 21. Rb5 Bd8 22. Nd5 $18 {was also winning.}
) 21... Nxb3 (21... Rxb6 22. Nxc5 {[%csl Rd7]} Rd6 23. Rxd6 Bxd6 24. a4 $18)
22. axb3 Rb7 23. c5 Bd8 24. Rda1 $1 Ng4 (24... Bxb6 25. cxb6 Nd5 26. Bc5 Rfb8 (
26... Rc8 27. Ra8 $18) 27. Bd6 Rc8 28. Ra8 Nxb6 29. Rxc8+ Nxc8 30. Ra8 $18) 25.
Ra7 Nxe3+ 26. fxe3 Rxb6 (26... Rxa7 27. Rxa7 Bxb6 28. cxb6 $18 {[%cal Gb6b7,
Ga7a8]}) 27. cxb6 Bxb6 28. Rxd7 Bxe3 29. Kf3 Bb6 30. Ra6 Bc5 31. Rc7 Bb4 32.
Rac6 g6 33. Rc8 {The first game had ended in a draw, so Laznicka advanced to
the second round of the World Cup with this victory.} 1-0

[Event "Bundesliga 0506"]
[Site "Germany"]
[Date "2005.10.23"]
[Round "2.7"]
[White "Thiede, Lars"]
[Black "Wegener, Olaf"]
[Result "1-0"]
[WhiteElo "2417"]
[BlackElo "2404"]
[Annotator "Mueller,Karsten"]
[PlyCount "115"]
[EventDate "2005.10.21"]
[EventType "team-tourn"]
[EventRounds "15"]
[EventCountry "GER"]
[SourceTitle "CBM 110"]
[Source "ChessBase"]
[SourceDate "2006.01.31"]
[SourceVersion "1"]
[SourceVersionDate "2006.01.31"]
[SourceQuality "1"]
[WhiteTeam "Neukoelln"]
[BlackTeam "Muelheim Nord"]
[WhiteTeamCountry "GER"]
[BlackTeamCountry "GER"]

1. g3 Nf6 2. c4 e6 3. Nf3 d5 4. b3 d4 5. Bg2 Nc6 6. O-O e5 7. Bb2 a5 8. e3 Be7
9. Na3 O-O 10. Nb5 Bc5 11. a3 Bg4 12. h3 Bh5 13. exd4 exd4 14. g4 Bg6 15. d3
Ne8 16. Ne1 f5 17. f4 fxg4 18. hxg4 Qh4 19. Bd5+ Bf7 20. Ng2 Qd8 21. Be4 Qd7
22. Qf3 Nd6 23. Nxd6 Qxd6 24. Qh3 g6 25. Rf3 Rae8 26. Qh6 Qf6 27. g5 Qg7 28.
Qxg7+ Kxg7 29. Ne3 Rxe4 30. dxe4 Re8 31. Nd5 Rxe4 32. Nxc7 Bd6 33. Nd5 Bxd5 34.
cxd5 Ne7 35. Rd1 Nf5 36. Rdf1 Ne7 37. Kh1 Nxd5 38. Rd3 Nxf4 39. Rxd4 Rxd4 40.
Bxd4+ Kg8 41. a4 Nd5 42. Rd1 Bf4 43. Be5 Bxe5 44. Rxd5 Bc3 45. Rd8+ Kf7 46.
Rd7+ Ke6 47. Rxb7 Kf5 48. Rb5+ Ke4 49. Kg2 Ke3 50. Rb7 Kf4 51. Rb5 Ke3 52. Kg3
Kd3 53. Kf4 Kd4 {Im Folgenden spielt der weiße Turm mit dem Läufer Katz und
Maus:} 54. Kf3 Kd3 (54... Bb4 55. Rxb4+ axb4 56. Kf4 $18) 55. Rb7 Bd2 (55...
Kc2 56. Ke4 Bd2 57. b4 Bxb4 58. Rxh7 Kb3 (58... Bd2 59. Rh2 $18) 59. Rg7 Kxa4
60. Rxg6 Kb3 61. Rb6 a4 62. g6 a3 63. g7 a2 64. g8=Q+ $18) 56. Rxh7 Bxg5 57. b4
$1 {[%mdl 4096]} axb4 58. a5 (58. a5 b3 59. a6 Be3 60. Rd7+ Bd4 61. a7 b2 62.
a8=Q b1=Q 63. Qe4+ $18) 1-0

[Event "ARM-ch 66th"]
[Site "Yerevan"]
[Date "2006.03.18"]
[Round "3"]
[White "Minasian, Ara"]
[Black "Pashikian, Arman"]
[Result "0-1"]
[WhiteElo "2487"]
[BlackElo "2472"]
[Annotator "Mueller,Karsten"]
[PlyCount "100"]
[EventDate "2006.03.16"]
[EventType "tourn"]
[EventRounds "9"]
[EventCountry "ARM"]
[EventCategory "11"]
[SourceTitle "CBM 112"]
[Source "ChessBase"]
[SourceDate "2006.06.07"]
[SourceVersion "1"]
[SourceVersionDate "2006.06.07"]
[SourceQuality "1"]

1. c4 e6 2. Nf3 d5 3. b3 Be7 4. Bb2 Bf6 5. Nc3 Ne7 6. Qc2 O-O 7. g4 Nbc6 8. g5
Bxc3 9. Qxc3 Nf5 10. e3 Re8 11. Bd3 e5 12. cxd5 Ncd4 13. Nxd4 exd4 14. Qc4 dxe3
15. dxe3 c6 16. Qc3 Qxg5 17. O-O-O cxd5 18. Bxf5 Bxf5 19. Rhg1 Bg4 20. h4 Qh6
21. Kb1 Rac8 22. Qd4 Re4 23. Qxd5 Bxd1 24. Qxd1 g6 25. h5 Rh4 26. Qf3 Rc6 27.
Rd1 Qf8 28. hxg6 Rxg6 29. Bf6 Rhh6 30. Rd8 Rxf6 31. Rxf8+ Kxf8 32. Qxb7 Rxf2
33. Qb8+ Ke7 34. Qc7+ Kf8 35. Qb8+ Ke7 36. Qc7+ Kf8 37. Qb8+ Ke7 38. Qxa7+ Kf6
39. Qd4+ Kg5 40. Qe5+ Kh4 41. Qe4+ Kg3 42. Qe5+ Kh3 43. a4 Rg6 44. Qh5+ Kg2 45.
a5 Kg1 46. b4 $2 ({Nur} 46. e4 $1 {hätte Weiß gerettet:} f5 (46... Rgg2 47. Qc5
f5 48. a6 Kh1 49. Qxf2 Rxf2 50. a7 Rf1+ 51. Kb2 Rf2+ 52. Ka3 Rf1 53. Kb2 $11)
47. Qxh7 Rgg2 48. Qxf5 (48. Qa7 $2 f4 $19) 48... Rxf5 49. exf5 Kf2 50. Kc2 Ke3+
51. Kc3 Ke4 52. Kc4 Ke5 53. Kc5 Rc2+ 54. Kb6 Kd6 55. b4 $11) (46. Qc5 $2 f5 47.
e4 (47. a6 Rxa6 48. b4 Rh6 $19) 47... Rh6 48. Qc3 Rhh2 49. Qc1+ Rf1 50. exf5 h5
51. Qxf1+ Kxf1 52. a6 Rd2 53. b4 Rd8 54. b5 h4 $19) 46... Rgg2 47. Qd1+ Rf1 48.
Qxf1+ Kxf1 49. a6 (49. b5 Rg5 $19) 49... Rg6 50. b5 Rb6 (50... Rb6 51. a7 Rxb5+
52. Kc2 Ra5 $19) 0-1

[Event "RUS-Cup01 Chigorin Memorial"]
[Site "St Petersburg"]
[Date "1996.??.??"]
[Round "4"]
[White "Tregubov, Pavel V"]
[Black "Tunik, Gennady"]
[Result "1-0"]
[WhiteElo "2520"]
[BlackElo "2440"]
[Annotator "Notkin,M"]
[PlyCount "63"]
[EventDate "1996.11.??"]
[EventType "swiss"]
[EventRounds "9"]
[EventCountry "RUS"]
[SourceTitle "CBM 056 Extra"]
[Source "ChessBase"]
[SourceDate "1997.03.01"]
[SourceVersion "1"]
[SourceVersionDate "1997.03.01"]
[SourceQuality "1"]

1. Nf3 Nf6 2. c4 e6 3. g3 a6 4. Bg2 b5 5. b3 Be7 6. O-O Bb7 7. Nc3 bxc4 $6 (
7... b4 8. Na4 O-O 9. d4 d6 10. a3 (10. Bb2 Be4 11. a3 Nc6 12. axb4 Nxb4 13.
Qd2 Rb8 14. Rfc1 Ba8 15. Nc3 Qc8 $10 {Wojtkiewicz,A-Rohde,M/New York/1989/0:1/
39/}) 10... a5 11. axb4 axb4 12. Bd2 c5 13. dxc5 dxc5 14. Bf4 Nbd7 15. Ne5 Bxg2
16. Kxg2 $14 {Andersson,U-Bellon Lopez,J/Roma/1985/0,5/51/}) 8. bxc4 c5 9. Rb1
Bc6 $2 (9... Ra7 10. d4 cxd4 11. Qxd4 Nc6 12. Qd1 Ba8 $14) 10. Qc2 O-O 11. e4
$16 d6 12. d4 cxd4 13. Nxd4 Qc8 (13... e5 14. Nxc6 Nxc6 15. Be3 $16) 14. Rd1 (
14. Rxb8 Rxb8 15. Nxc6 Qxc6 16. e5 Qxc4 17. exf6 Bxf6 18. Bd2 Rfc8 19. Rc1 d5
$13) 14... Nfd7 (14... Rd8 15. e5 Bxg2 (15... dxe5 16. Rxb8 Rxb8 17. Nxc6 Rxd1+
18. Qxd1 Rb7 19. Nxe5 $18) 16. exf6 Bxf6 17. Kxg2 Qxc4 18. Be3 $16) 15. Nd5 $1
exd5 (15... Bd8 16. Ba3 Nc5 17. Nb6 Bxb6 18. Rxb6 Ba4 19. Nb3 $16) 16. exd5 Bb7
17. Nf5 Re8 18. Bf4 $1 $18 (18. Qb2 Bf8 (18... Ne5 19. Bh3 Kf8 20. Qxb7 Qxb7
21. Rxb7 Nxc4 22. Rc7 $18) 19. Qxb7 Qxb7 20. Rxb7 Nc5 $16) 18... Bf8 (18... Nc5
19. Nxe7+ Rxe7 20. Bxd6 Rd7 21. Bh3 $18) (18... Qc7 19. Qb2) (18... Ne5 19.
Bxe5 dxe5 20. d6) (18... g6 19. Nxe7+ Rxe7 20. Bxd6 {/\c5/}) 19. Bxd6 g6 (19...
Nc5 20. Bxf8 Kxf8 21. Nd6 Qd7 22. Nxb7 Nxb7 23. c5 $18) 20. Bxf8 gxf5 21. Bh6
a5 (21... Nc5 22. Qb2 f6 23. Qxf6 Qd7 24. Re1 $18) 22. Qb2 Ne5 23. Qxb7 Nbd7
24. d6 Qxc4 25. Qxa8 Rxa8 26. Bxa8 Qe6 (26... Qxa2 27. Bd5 Qa3 28. Rdc1 $18)
27. Bf4 Qxa2 $2 (27... Kg7 $142 28. Bd5 Qxd6 29. Bxf7) 28. Bxe5 Nxe5 29. Rb8+
Kg7 30. d7 Nxd7 31. Rxd7 Qe6 32. Rbd8 1-0